[Event "DVM U20 2022"]
[Site "Münster GER"]
[Date "2022.12.27"]
[Round "1"]
[White "Nguyen, Alex Dac-Vuong"]
[Black "Schneider, Jana"]
[Result "1-0"]
[Termination "normal"]
[Board "6.1"]
[WhiteTitle "FM"]
[BlackTitle "FM"]
[WhiteElo "2310"]
[BlackElo "2272"]
[WhiteClock "00:03:30"]
[BlackClock "00:00:44"]
[WhiteTeam "Schachgemeinschaft Leipzig"]
[BlackTeam "SC Bavaria Regensburg von 1881 e.V."]
[PlyCount "146"]
[WhiteFideId "12984388"]
[BlackFideId "12924997"]
[EventCountry "GER"]
[EventRounds "7"]
[EventType "team-swiss"]
[EventDate "2022.12.26"]

1. c4 {[%clk 01:30:58]} {[%emt 00:00:01]} e6 {[%clk 01:29:58]} {[%emt
00:01:03]} 2. g3 {[%clk 01:30:54]} {[%emt 00:00:34]} d5 {[%clk 01:30:17]}
{[%emt 00:00:10]} 3. Bg2 {[%clk 01:31:18]} {[%emt 00:00:06]} Nf6 {[%clk
01:30:38]} {[%emt 00:00:10]} 4. Nf3 {[%clk 01:31:41]} {[%emt 00:00:07]} Be7
{[%clk 01:30:46]} {[%emt 00:00:22]} 5. O-O {[%clk 01:32:03]} {[%emt 00:00:09]}
O-O {[%clk 01:30:42]} {[%emt 00:00:33]} 6. d4 {[%clk 01:30:24]} {[%emt
00:02:09]} dxc4 {[%clk 01:30:44]} {[%emt 00:00:28]} 7. Qc2 {[%clk 01:30:47]}
{[%emt 00:00:06]} a6 {[%clk 01:30:09]} {[%emt 00:01:05]} 8. a4 {[%clk
01:31:11]} {[%emt 00:00:06]} Bd7 {[%clk 01:29:36]} {[%emt 00:01:03]} 9. Qxc4
{[%clk 01:31:36]} {[%emt 00:00:05]} Bc6 {[%clk 01:30:00]} {[%emt 00:00:06]} 10.
Nc3 {[%clk 01:31:58]} {[%emt 00:00:08]} b5 {[%clk 01:24:12]} {[%emt 00:06:18]}
11. Qd3 {[%clk 01:31:21]} {[%emt 00:01:06]} b4 {[%clk 01:24:19]} {[%emt
00:00:23]} 12. Nb1 {[%clk 01:30:52]} {[%emt 00:00:59]} Be4 {[%clk 01:22:57]}
{[%emt 00:01:52]} 13. Qd1 {[%clk 01:19:06]} {[%emt 00:12:16]} c5 {[%clk
01:21:56]} {[%emt 00:01:31]} 14. Nbd2 {[%clk 01:19:22]} {[%emt 00:00:14]} Bd5
{[%clk 01:20:30]} {[%emt 00:01:56]} 15. dxc5 {[%clk 01:15:10]} {[%emt
00:04:42]} Nbd7 {[%clk 01:16:41]} {[%emt 00:04:19]} 16. Nd4 {[%clk 00:59:12]}
{[%emt 00:16:28]} Bxg2 {[%clk 01:16:05]} {[%emt 00:01:06]} 17. Kxg2 {[%clk
00:58:57]} {[%emt 00:00:45]} Nxc5 {[%clk 01:15:48]} {[%emt 00:00:47]} 18. N2f3
{[%clk 00:53:50]} {[%emt 00:05:37]} Qd5 {[%clk 01:12:38]} {[%emt 00:03:40]} 19.
Nc2 {[%clk 00:50:48]} {[%emt 00:03:32]} Qe4 {[%clk 01:10:32]} {[%emt 00:02:36]}
20. Ne3 {[%clk 00:47:44]} {[%emt 00:03:34]} Rfd8 {[%clk 01:09:51]} {[%emt
00:01:10]} 21. Qc2 {[%clk 00:47:55]} {[%emt 00:00:20]} Qxc2 {[%clk 01:09:24]}
{[%emt 00:00:57]} 22. Nxc2 {[%clk 00:48:22]} {[%emt 00:00:02]} Nb3 {[%clk
01:09:35]} {[%emt 00:00:20]} 23. Rb1 {[%clk 00:48:46]} {[%emt 00:00:06]} Rac8
{[%clk 01:09:29]} {[%emt 00:00:36]} 24. Na1 {[%clk 00:41:53]} {[%emt 00:07:23]}
Nxa1 {[%clk 01:01:59]} {[%emt 00:08:00]} 25. Rxa1 {[%clk 00:42:07]} {[%emt
00:00:16]} Ne4 {[%clk 01:02:09]} {[%emt 00:00:19]} 26. Ne5 {[%clk 00:38:03]}
{[%emt 00:04:34]} Rc2 {[%clk 00:50:19]} {[%emt 00:12:20]} 27. Re1 {[%clk
00:28:40]} {[%emt 00:09:53]} Nd2 {[%clk 00:34:55]} {[%emt 00:15:55]} 28. Nd3
{[%clk 00:26:26]} {[%emt 00:02:44]} Nb3 {[%clk 00:34:20]} {[%emt 00:01:04]} 29.
Rb1 {[%clk 00:26:29]} {[%emt 00:00:28]} Nd4 {[%clk 00:34:27]} {[%emt 00:00:23]}
30. Kf1 {[%clk 00:20:23]} {[%emt 00:06:36]} b3 {[%clk 00:31:14]} {[%emt
00:03:44]} 31. Be3 {[%clk 00:17:30]} {[%emt 00:03:24]} Nf5 {[%clk 00:16:45]}
{[%emt 00:14:58]} 32. Rec1 {[%clk 00:10:28]} {[%emt 00:07:32]} Nxe3 {[%clk
00:15:36]} {[%emt 00:01:40]} 33. fxe3 {[%clk 00:10:50]} {[%emt 00:00:07]} Rdc8
{[%clk 00:13:26]} {[%emt 00:02:40]} 34. Rxc2 {[%clk 00:09:34]} {[%emt
00:01:45]} Rxc2 {[%clk 00:10:27]} {[%emt 00:03:29]} 35. Nc1 {[%clk 00:07:38]}
{[%emt 00:02:26]} Rc4 {[%clk 00:09:00]} {[%emt 00:01:56]} 36. Nxb3 {[%clk
00:03:15]} {[%emt 00:04:54]} Rb4 {[%clk 00:06:53]} {[%emt 00:02:37]} 37. Nd4
{[%clk 00:02:31]} {[%emt 00:01:14]} Rxa4 {[%clk 00:07:13]} {[%emt 00:00:11]}
38. Rc1 {[%clk 00:02:48]} {[%emt 00:00:12]} g6 {[%clk 00:06:36]} {[%emt
00:01:07]} 39. Rc8 {[%clk 00:02:03]} {[%emt 00:01:15]} Kg7 {[%clk 00:07:03]}
{[%emt 00:00:03]} 40. Rc7 {[%clk 00:02:24]} {[%emt 00:00:10]} Kf6 {[%clk
00:05:37]} {[%emt 00:01:56]} 41. Kg2 {[%clk 00:27:51]} {[%emt 00:05:03]} Bd6
{[%clk 00:31:22]} {[%emt 00:04:45]} 42. Rd7 {[%clk 00:27:26]} {[%emt 00:00:55]}
Bc5 {[%clk 00:28:42]} {[%emt 00:03:10]} 43. Nc6 {[%clk 00:20:26]} {[%emt
00:07:30]} Ra2 {[%clk 00:27:39]} {[%emt 00:01:32]} 44. Rb7 {[%clk 00:19:03]}
{[%emt 00:01:53]} Bxe3 {[%clk 00:25:03]} {[%emt 00:03:07]} 45. Nd8 {[%clk
00:18:12]} {[%emt 00:01:21]} Bc1 {[%clk 00:18:47]} {[%emt 00:06:46]} 46. Rxf7
{[%clk 00:18:25]} {[%emt 00:00:17]} Ke5 {[%clk 00:19:03]} {[%emt 00:00:14]} 47.
Rc7 {[%clk 00:04:09]} {[%emt 00:14:46]} Be3 {[%clk 00:13:08]} {[%emt 00:06:25]}
48. Rb7 {[%clk 00:03:54]} {[%emt 00:00:46]} Bc1 {[%clk 00:10:45]} {[%emt
00:02:52]} 49. Rc7 {[%clk 00:04:17]} {[%emt 00:00:07]} Be3 {[%clk 00:10:55]}
{[%emt 00:00:20]} 50. Rb7 {[%clk 00:04:43]} {[%emt 00:00:04]} Kd5 {[%clk
00:06:52]} {[%emt 00:04:33]} 51. Kf3 {[%clk 00:05:04]} {[%emt 00:00:09]} Bc5
{[%clk 00:04:47]} {[%emt 00:02:35]} 52. b3 {[%clk 00:04:11]} {[%emt 00:01:23]}
Rc2 {[%clk 00:04:07]} {[%emt 00:01:11]} 53. e4 {[%clk 00:03:35]} {[%emt
00:01:05]} Kd6 {[%clk 00:03:46]} {[%emt 00:00:51]} 54. Nf7 {[%clk 00:02:46]}
{[%emt 00:01:19]} Kc6 {[%clk 00:04:15]} {[%emt 00:00:02]} 55. Nd8 {[%clk
00:03:11]} {[%emt 00:00:06]} Kd6 {[%clk 00:04:40]} {[%emt 00:00:05]} 56. b4
{[%clk 00:03:27]} {[%emt 00:00:14]} Bd4 {[%clk 00:04:12]} {[%emt 00:00:57]} 57.
Nf7 {[%clk 00:03:34]} {[%emt 00:00:23]} Kc6 {[%clk 00:04:40]} {[%emt 00:00:02]}
58. Nd8 {[%clk 00:03:57]} {[%emt 00:00:07]} Kd6 {[%clk 00:05:08]} {[%emt
00:00:03]} 59. Rxh7 {[%clk 00:04:14]} {[%emt 00:00:12]} Rf2 {[%clk 00:01:38]}
{[%emt 00:04:00]} 60. Kg4 {[%clk 00:04:39]} {[%emt 00:00:05]} Ke5 {[%clk
00:00:45]} {[%emt 00:01:23]} 61. Kg5 {[%clk 00:02:05]} {[%emt 00:03:03]} Kxe4
{[%clk 00:00:44]} {[%emt 00:00:31]} 62. Nxe6 {[%clk 00:02:31]} {[%emt
00:00:04]} Bc3 {[%clk 00:00:59]} {[%emt 00:00:16]} 63. Nc5 {[%clk 00:02:31]}
{[%emt 00:00:30]} Kd5 {[%clk 00:00:43]} {[%emt 00:00:46]} 64. Nxa6 {[%clk
00:02:57]} {[%emt 00:00:05]} Rf6 {[%clk 00:00:40]} {[%emt 00:00:33]} 65. Rd7
{[%clk 00:02:02]} {[%emt 00:01:24]} Ke6 {[%clk 00:00:37]} {[%emt 00:00:34]} 66.
Nc5 {[%clk 00:02:21]} {[%emt 00:00:11]} Ke5 {[%clk 00:01:06]} 67. Rd3 {[%clk
00:01:04]} {[%emt 00:01:47]} Rf5 {[%clk 00:00:41]} {[%emt 00:00:55]} 68. Kxg6
{[%clk 00:01:27]} {[%emt 00:00:07]} Rf6 {[%clk 00:00:39]} {[%emt 00:00:32]} 69.
Kg5 {[%clk 00:01:49]} {[%emt 00:00:08]} Rf5 {[%clk 00:00:47]} {[%emt 00:00:23]}
70. Kg4 {[%clk 00:02:15]} {[%emt 00:00:04]} Bxb4 {[%clk 00:00:37]} {[%emt
00:00:40]} 71. Re3 {[%clk 00:02:39]} {[%emt 00:00:05]} Kd4 {[%clk 00:00:41]}
{[%emt 00:00:26]} 72. Re4 {[%clk 00:03:04]} {[%emt 00:00:04]} Kxc5 {[%clk
00:00:44]} {[%emt 00:00:28]} 73. Kxf5 {[%clk 00:03:30]} {[%emt 00:00:05]} Kd5
{[%emt 00:00:15]} 1-0

[Event "DVM U20 2022"]
[Site "Münster GER"]
[Date "2022.12.27"]
[Round "1"]
[White "Aumüller, Naum"]
[Black "Haufe, Laurin"]
[Result "0-1"]
[Termination "normal"]
[Board "6.2"]
[WhiteElo "1927"]
[BlackElo "2139"]
[WhiteClock "00:01:38"]
[BlackClock "00:02:20"]
[WhiteTeam "SC Bavaria Regensburg von 1881 e.V."]
[BlackTeam "Schachgemeinschaft Leipzig"]
[PlyCount "78"]
[WhiteFideId "16263960"]
[BlackFideId "12976504"]
[EventCountry "GER"]
[EventRounds "7"]
[EventType "team-swiss"]
[EventDate "2022.12.26"]

1. e4 {[%clk 01:30:58]} {[%emt 00:00:01]} c6 {[%clk 01:30:56]} {[%emt
00:00:04]} 2. d4 {[%clk 01:31:24]} {[%emt 00:00:04]} d5 {[%clk 01:31:22]}
{[%emt 00:00:03]} 3. f3 {[%clk 01:31:51]} {[%emt 00:00:04]} g6 {[%clk
01:30:33]} {[%emt 00:01:19]} 4. Nc3 {[%clk 01:29:46]} {[%emt 00:02:35]} Bg7
{[%clk 01:24:09]} {[%emt 00:06:53]} 5. e5 {[%clk 01:29:34]} {[%emt 00:00:42]}
e6 {[%clk 01:22:40]} {[%emt 00:01:59]} 6. f4 {[%clk 01:28:55]} {[%emt
00:01:09]} h5 {[%clk 01:17:43]} {[%emt 00:05:27]} 7. Nf3 {[%clk 01:21:04]}
{[%emt 00:08:21]} b6 {[%clk 01:15:55]} {[%emt 00:02:18]} 8. Be3 {[%clk
01:10:56]} {[%emt 00:10:38]} Nh6 {[%clk 01:10:54]} {[%emt 00:05:30]} 9. h3
{[%clk 01:01:09]} {[%emt 00:10:18]} Ba6 {[%clk 00:59:30]} {[%emt 00:11:54]} 10.
Be2 {[%clk 00:51:46]} {[%emt 00:09:53]} Qe7 {[%clk 00:47:45]} {[%emt 00:12:15]}
11. Qd2 {[%clk 00:47:48]} {[%emt 00:04:29]} Bxe2 {[%clk 00:45:51]} {[%emt
00:02:23]} 12. Qxe2 {[%clk 00:47:05]} {[%emt 00:01:13]} a6 {[%clk 00:36:12]}
{[%emt 00:10:09]} 13. O-O-O {[%clk 00:40:18]} {[%emt 00:07:18]} c5 {[%clk
00:33:09]} {[%emt 00:03:32]} 14. dxc5 {[%clk 00:31:45]} {[%emt 00:09:03]} bxc5
{[%clk 00:33:09]} {[%emt 00:00:29]} 15. Nxd5 {[%clk 00:32:04]} {[%emt
00:00:12]} exd5 {[%clk 00:29:54]} {[%emt 00:03:45]} 16. Rxd5 {[%clk 00:31:17]}
{[%emt 00:01:17]} Qb7 {[%clk 00:24:17]} {[%emt 00:06:07]} 17. Rhd1 {[%clk
00:29:54]} {[%emt 00:01:54]} O-O {[%clk 00:23:37]} {[%emt 00:01:10]} 18. Bxc5
{[%clk 00:29:28]} {[%emt 00:00:57]} Re8 {[%clk 00:22:52]} {[%emt 00:01:14]} 19.
a4 {[%clk 00:15:59]} {[%emt 00:14:00]} Nc6 {[%clk 00:07:43]} {[%emt 00:15:39]}
20. Rd7 {[%clk 00:16:22]} {[%emt 00:00:06]} Qc8 {[%clk 00:07:51]} {[%emt
00:00:21]} 21. Bb6 {[%clk 00:16:12]} {[%emt 00:00:41]} Ne7 {[%clk 00:04:28]}
{[%emt 00:03:53]} 22. Ng5 {[%clk 00:05:58]} {[%emt 00:10:44]} Qc6 {[%clk
00:03:28]} {[%emt 00:01:30]} 23. a5 {[%clk 00:05:52]} {[%emt 00:00:36]} Qa4
{[%clk 00:02:49]} {[%emt 00:01:09]} 24. Qf3 {[%clk 00:03:22]} {[%emt 00:03:01]}
Qa1 {[%clk 00:01:49]} {[%emt 00:01:29]} 25. Kd2 {[%clk 00:03:50]} {[%emt
00:00:02]} Qxb2 {[%clk 00:01:32]} {[%emt 00:00:47]} 26. Ke1 {[%clk 00:03:04]}
{[%emt 00:01:17]} Rac8 {[%clk 00:01:16]} {[%emt 00:00:46]} 27. Rd8 {[%clk
00:00:41]} {[%emt 00:02:53]} Rcxd8 {[%clk 00:01:20]} {[%emt 00:00:26]} 28. Rxd8
{[%clk 00:01:06]} {[%emt 00:00:05]} Rxd8 {[%clk 00:01:43]} {[%emt 00:00:07]}
29. Bxd8 {[%clk 00:01:30]} {[%emt 00:00:05]} Qc1 {[%clk 00:01:29]} {[%emt
00:00:44]} 30. Ke2 {[%clk 00:01:15]} {[%emt 00:00:46]} Qxc2 {[%clk 00:01:50]}
{[%emt 00:00:08]} 31. Kf1 {[%clk 00:01:00]} {[%emt 00:00:46]} Qc1 {[%clk
00:02:10]} {[%emt 00:00:10]} 32. Ke2 {[%clk 00:01:21]} {[%emt 00:00:10]} Nef5
{[%clk 00:01:35]} {[%emt 00:01:05]} 33. Qa8 {[%clk 00:00:47]} {[%emt 00:01:04]}
Qe3 {[%clk 00:01:50]} {[%emt 00:00:14]} 34. Kd1 {[%clk 00:01:13]} {[%emt
00:00:05]} Qg1 {[%clk 00:01:41]} {[%emt 00:00:39]} 35. Kd2 {[%clk 00:00:49]}
{[%emt 00:00:54]} Qf2 {[%clk 00:01:52]} {[%emt 00:00:18]} 36. Kc1 {[%clk
00:00:59]} {[%emt 00:00:21]} Qxf4 {[%clk 00:02:15]} {[%emt 00:00:07]} 37. Kb1
{[%clk 00:01:06]} {[%emt 00:00:24]} Qb4 {[%clk 00:02:23]} {[%emt 00:00:21]} 38.
Ka2 {[%clk 00:01:19]} {[%emt 00:00:18]} Qc4 {[%clk 00:01:57]} {[%emt 00:00:56]}
39. Kb1 {[%clk 00:01:38]} {[%emt 00:00:11]} Bf8 {[%clk 00:02:20]} {[%emt
00:00:07]} 0-1

[Event "DVM U20 2022"]
[Site "Münster GER"]
[Date "2022.12.27"]
[Round "1"]
[White "Neuhoff, Laertes"]
[Black "Steinhauer, Artur"]
[Result "1/2-1/2"]
[Termination "normal"]
[Board "6.3"]
[WhiteElo "2033"]
[BlackElo "1920"]
[WhiteClock "00:07:41"]
[BlackClock "00:22:12"]
[WhiteTeam "Schachgemeinschaft Leipzig"]
[BlackTeam "SC Bavaria Regensburg von 1881 e.V."]
[PlyCount "99"]
[WhiteFideId "16279719"]
[BlackFideId "16263596"]
[EventCountry "GER"]
[EventRounds "7"]
[EventType "team-swiss"]
[EventDate "2022.12.26"]

1. e4 {[%clk 01:30:58]} c6 {[%clk 01:30:56]} {[%emt 00:00:04]} 2. d4 {[%clk
01:31:21]} {[%emt 00:00:08]} d5 {[%clk 01:31:22]} {[%emt 00:00:04]} 3. e5
{[%clk 01:31:32]} {[%emt 00:00:19]} c5 {[%clk 01:31:47]} {[%emt 00:00:05]} 4.
dxc5 {[%clk 01:31:26]} {[%emt 00:00:36]} e6 {[%clk 01:32:12]} {[%emt 00:00:05]}
5. Nf3 {[%clk 01:31:36]} {[%emt 00:00:20]} Nd7 {[%clk 01:30:17]} {[%emt
00:02:25]} 6. Bd3 {[%clk 01:18:55]} {[%emt 00:13:11]} Bxc5 {[%clk 01:26:59]}
{[%emt 00:03:48]} 7. O-O {[%clk 01:17:48]} {[%emt 00:01:36]} Ne7 {[%clk
01:23:44]} {[%emt 00:03:45]} 8. a3 {[%clk 01:08:55]} {[%emt 00:09:23]} Ng6
{[%clk 01:19:43]} {[%emt 00:04:31]} 9. b4 {[%clk 01:03:51]} {[%emt 00:05:34]}
Be7 {[%clk 01:18:27]} {[%emt 00:01:45]} 10. Bb2 {[%clk 01:01:47]} {[%emt
00:02:34]} a5 {[%clk 01:14:54]} {[%emt 00:04:03]} 11. b5 {[%clk 01:00:00]}
{[%emt 00:02:18]} Nf4 {[%clk 01:10:57]} {[%emt 00:04:26]} 12. Qd2 {[%clk
00:53:45]} {[%emt 00:06:46]} Nxd3 {[%clk 01:11:08]} {[%emt 00:00:19]} 13. cxd3
{[%clk 00:52:54]} {[%emt 00:01:21]} Nc5 {[%clk 01:09:49]} {[%emt 00:01:49]} 14.
Qd1 {[%clk 00:47:48]} {[%emt 00:05:36]} O-O {[%clk 01:00:02]} {[%emt 00:10:17]}
15. a4 {[%clk 00:43:21]} {[%emt 00:04:57]} Bd7 {[%clk 00:51:47]} {[%emt
00:08:44]} 16. d4 {[%clk 00:39:33]} {[%emt 00:04:18]} Ne4 {[%clk 00:51:58]}
{[%emt 00:00:19]} 17. Nfd2 {[%clk 00:36:49]} {[%emt 00:03:15]} f5 {[%clk
00:41:49]} {[%emt 00:10:39]} 18. Nxe4 {[%clk 00:34:30]} {[%emt 00:02:48]} fxe4
{[%clk 00:41:45]} {[%emt 00:00:34]} 19. f3 {[%clk 00:31:56]} {[%emt 00:03:05]}
exf3 {[%clk 00:41:20]} {[%emt 00:00:54]} 20. Rxf3 {[%clk 00:32:08]} {[%emt
00:00:17]} Rxf3 {[%clk 00:34:15]} {[%emt 00:07:35]} 21. Qxf3 {[%clk 00:32:17]}
{[%emt 00:00:21]} Qe8 {[%clk 00:34:33]} {[%emt 00:00:12]} 22. Nc3 {[%clk
00:27:07]} {[%emt 00:05:41]} Qg6 {[%clk 00:32:59]} {[%emt 00:02:04]} 23. Qe2
{[%clk 00:18:26]} {[%emt 00:09:11]} Rf8 {[%clk 00:30:27]} {[%emt 00:03:01]} 24.
Rf1 {[%clk 00:15:17]} {[%emt 00:03:40]} Rxf1 {[%clk 00:29:43]} {[%emt
00:01:15]} 25. Kxf1 {[%clk 00:14:43]} {[%emt 00:01:03]} Be8 {[%clk 00:29:29]}
{[%emt 00:00:45]} 26. Bc1 {[%clk 00:10:09]} {[%emt 00:05:05]} Qf5 {[%clk
00:28:33]} {[%emt 00:01:25]} 27. Kg1 {[%clk 00:09:36]} {[%emt 00:01:03]} Bh5
{[%clk 00:28:40]} {[%emt 00:00:23]} 28. Qf2 {[%clk 00:08:45]} {[%emt 00:01:22]}
Qd3 {[%clk 00:23:33]} {[%emt 00:05:37]} 29. Qe3 {[%clk 00:08:18]} {[%emt
00:00:57]} Qc4 {[%clk 00:19:43]} {[%emt 00:04:20]} 30. Bd2 {[%clk 00:07:37]}
{[%emt 00:01:12]} Bd8 {[%clk 00:18:12]} {[%emt 00:02:00]} 31. Be1 {[%clk
00:03:56]} {[%emt 00:04:12]} h6 {[%clk 00:17:07]} {[%emt 00:01:34]} 32. Bf2
{[%clk 00:02:48]} {[%emt 00:01:38]} Bg6 {[%clk 00:15:20]} {[%emt 00:02:17]} 33.
Qd2 {[%clk 00:01:55]} {[%emt 00:01:23]} Bg5 {[%clk 00:14:22]} {[%emt 00:01:28]}
34. Be3 {[%clk 00:01:19]} {[%emt 00:01:06]} Bxe3 {[%clk 00:14:04]} {[%emt
00:00:48]} 35. Qxe3 {[%clk 00:01:48]} {[%emt 00:00:02]} Bc2 {[%clk 00:14:24]}
{[%emt 00:00:10]} 36. h3 {[%clk 00:01:28]} {[%emt 00:00:50]} Bxa4 {[%clk
00:14:25]} {[%emt 00:00:29]} 37. Nxa4 {[%clk 00:01:08]} {[%emt 00:00:50]} Qxa4
{[%clk 00:14:49]} {[%emt 00:00:06]} 38. Qc3 {[%clk 00:01:21]} {[%emt 00:00:17]}
Qc4 {[%clk 00:12:55]} {[%emt 00:02:23]} 39. Qxa5 {[%clk 00:01:36]} {[%emt
00:00:15]} Qxd4 {[%clk 00:13:20]} {[%emt 00:00:05]} 40. Kh1 {[%clk 00:02:00]}
{[%emt 00:00:06]} Qxe5 {[%clk 00:03:42]} {[%emt 00:10:08]} 41. Qa8 {[%clk
00:02:04]} {[%emt 00:00:26]} Kh7 {[%clk 00:04:08]} {[%emt 00:00:04]} 42. Qxb7
{[%clk 00:02:17]} {[%emt 00:00:17]} d4 {[%clk 00:03:57]} {[%emt 00:00:40]} 43.
Qd7 {[%clk 00:28:25]} {[%emt 00:04:22]} Qe2 {[%clk 00:26:19]} {[%emt 00:08:08]}
44. Qxd4 {[%clk 00:18:40]} {[%emt 00:10:14]} Qxb5 {[%clk 00:26:36]} {[%emt
00:00:14]} 45. Qe3 {[%clk 00:18:34]} {[%emt 00:00:36]} Qf5 {[%clk 00:26:17]}
{[%emt 00:00:49]} 46. Kg1 {[%clk 00:19:12]} {[%emt 00:02:31]} e5 {[%clk
00:23:31]} 47. Qd3 {[%clk 00:18:55]} {[%emt 00:02:23]} Qf4 {[%clk 00:23:25]}
48. Qd4 {[%clk 00:11:44]} {[%emt 00:08:18]} e4 {[%clk 00:22:01]} 49. Kf2 {[%clk
00:10:48]} {[%emt 00:03:20]} Qc1 {[%clk 00:22:12]} 50. Kg1 {[%clk 00:07:41]}
{[%emt 00:02:52]} 1/2-1/2

[Event "DVM U20 2022"]
[Site "Münster GER"]
[Date "2022.12.27"]
[Round "1"]
[White "Neugirg, Mika"]
[Black "Faßhauer, Jacob"]
[Result "0-1"]
[Termination "normal"]
[Board "6.4"]
[WhiteElo "1573"]
[BlackElo "2127"]
[WhiteClock "00:02:32"]
[BlackClock "00:06:01"]
[WhiteTeam "SC Bavaria Regensburg von 1881 e.V."]
[BlackTeam "Schachgemeinschaft Leipzig"]
[PlyCount "64"]
[WhiteFideId "34619160"]
[BlackFideId "12990167"]
[EventCountry "GER"]
[EventRounds "7"]
[EventType "team-swiss"]
[EventDate "2022.12.26"]

1. Nf3 {[%clk 01:30:56]} {[%emt 00:00:03]} c5 {[%clk 01:29:57]} {[%emt
00:01:03]} 2. b3 {[%clk 01:31:12]} {[%emt 00:00:14]} Nc6 {[%clk 01:26:08]}
{[%emt 00:04:19]} 3. Bb2 {[%clk 01:31:13]} {[%emt 00:00:29]} e6 {[%clk
01:08:39]} {[%emt 00:17:59]} 4. e3 {[%clk 01:30:22]} {[%emt 00:01:21]} a6
{[%clk 01:08:21]} {[%emt 00:00:48]} 5. c4 {[%clk 01:28:07]} {[%emt 00:02:44]}
Nf6 {[%clk 01:06:44]} {[%emt 00:02:08]} 6. Be2 {[%clk 01:21:14]} {[%emt
00:07:21]} Be7 {[%clk 01:04:51]} {[%emt 00:02:24]} 7. O-O {[%clk 01:20:12]}
{[%emt 00:01:32]} O-O {[%emt 00:00:49]} 8. Nc3 {[%clk 01:18:49]} {[%emt
00:01:45]} b6 {[%clk 00:59:17]} {[%emt 00:05:53]} 9. d4 {[%clk 01:04:31]}
{[%emt 00:14:47]} cxd4 {[%clk 00:51:54]} {[%emt 00:07:55]} 10. Nxd4 {[%clk
01:00:45]} {[%emt 00:04:16]} Bb7 {[%clk 00:45:02]} {[%emt 00:07:22]} 11. Bf3
{[%clk 00:53:07]} {[%emt 00:08:06]} Qc7 {[%clk 00:45:14]} {[%emt 00:00:19]} 12.
Rc1 {[%clk 00:47:50]} {[%emt 00:05:45]} Ne5 {[%clk 00:34:58]} {[%emt 00:10:47]}
13. Bxb7 {[%clk 00:47:24]} {[%emt 00:00:55]} Qxb7 {[%clk 00:35:20]} {[%emt
00:00:08]} 14. Qe2 {[%clk 00:44:22]} {[%emt 00:03:31]} Rfd8 {[%clk 00:28:00]}
{[%emt 00:07:52]} 15. Rfd1 {[%clk 00:40:25]} {[%emt 00:04:26]} Rab8 {[%clk
00:23:57]} {[%emt 00:04:34]} 16. h3 {[%clk 00:34:55]} {[%emt 00:06:00]} Nc6
{[%clk 00:20:53]} {[%emt 00:03:34]} 17. Nxc6 {[%clk 00:29:20]} {[%emt
00:06:05]} Qxc6 {[%clk 00:20:28]} {[%emt 00:00:55]} 18. a4 {[%clk 00:28:19]}
{[%emt 00:01:30]} Kf8 {[%clk 00:09:59]} {[%emt 00:11:00]} 19. e4 {[%clk
00:23:33]} {[%emt 00:05:17]} d6 {[%clk 00:10:19]} {[%emt 00:00:09]} 20. f4
{[%clk 00:19:42]} {[%emt 00:04:19]} Nd7 {[%clk 00:09:07]} {[%emt 00:01:44]} 21.
Qh5 {[%clk 00:16:11]} {[%emt 00:04:00]} Qc5 {[%clk 00:06:05]} {[%emt 00:03:34]}
22. Qxc5 {[%clk 00:15:01]} {[%emt 00:01:40]} bxc5 {[%clk 00:06:29]} {[%emt
00:00:06]} 23. f5 {[%clk 00:07:31]} {[%emt 00:07:59]} Rxb3 {[%clk 00:06:14]}
{[%emt 00:00:45]} 24. fxe6 {[%clk 00:07:03]} {[%emt 00:00:58]} fxe6 {[%clk
00:06:38]} {[%emt 00:00:06]} 25. Rb1 {[%clk 00:06:51]} {[%emt 00:00:40]} Bf6
{[%clk 00:03:46]} {[%emt 00:03:24]} 26. Ba1 {[%clk 00:07:00]} {[%emt 00:00:20]}
Rdb8 {[%clk 00:03:49]} {[%emt 00:00:29]} 27. Rxb3 {[%clk 00:05:55]} {[%emt
00:01:34]} Rxb3 {[%clk 00:04:15]} {[%emt 00:00:04]} 28. Rxd6 {[%clk 00:04:47]}
{[%emt 00:01:38]} Bd4 {[%clk 00:04:32]} {[%emt 00:00:13]} 29. Kf1 {[%clk
00:04:48]} {[%emt 00:00:27]} Ke7 {[%clk 00:04:59]} {[%emt 00:00:04]} 30. Rxa6
{[%clk 00:02:30]} {[%emt 00:02:48]} Bxc3 {[%clk 00:05:19]} {[%emt 00:00:11]}
31. Bxc3 {[%clk 00:02:48]} {[%emt 00:00:12]} Rxc3 {[%clk 00:05:46]} {[%emt
00:00:03]} 32. Ra7 {[%clk 00:02:32]} {[%emt 00:00:45]} Rxc4 {[%clk 00:06:01]}
{[%emt 00:00:17]} 0-1